Responsible Artificial Intelligence : How to Develop and Use AI in a Responsible Way

Enregistré dans:
Détails bibliographiques
Auteur principal: Dignum, Virginia
Format: Livre
Publié: springer
Tags: Ajouter un tag
Pas de tags, Soyez le premier à ajouter un tag!

MARC

LEADER 00000nam a2200000Ia 4500
005 20260515061616.0
100 |a Dignum, Virginia. 
020 |a 9783030303730 
942 |c BK 
245 |a Responsible Artificial Intelligence : How to Develop and Use AI in a Responsible Way  
260 |b springer 
999 |c 43  |d 43 
952 |0 0  |1 0  |4 0  |7 0  |a ABDN  |b ABDN  |d 2026-05-15  |l 0  |p 000089  |r 2026-05-15 06:16:16  |w 2026-05-15  |y BK